MCSE SQL server 6.5: Quản trị và điều hành
Salvato in:
| Autore principale: | |
|---|---|
| Natura: | Libro |
| Lingua: | Undetermined |
| Pubblicazione: |
Hà Nội
Giáo Dục
1998
|
| Soggetti: | |
| Tags: |
Aggiungi Tag
Nessun Tag, puoi essere il primo ad aggiungerne! !
|
| Thư viện lưu trữ: | Trung tâm Học liệu Trường Đại học Cần Thơ |
|---|
| LEADER | 00652nam a2200169Ia 4500 | ||
|---|---|---|---|
| 001 | CTU_29706 | ||
| 008 | 210402s9999 xx 000 0 und d | ||
| 082 | |a 005.758 | ||
| 082 | |b T305 | ||
| 100 | |a Nguyễn, Tiến | ||
| 245 | 0 | |a MCSE SQL server 6.5: Quản trị và điều hành | |
| 245 | 0 | |c Nguyễn Tiến, Nguyễn Văn Hoài, Đặng Xuân Hường | |
| 260 | |a Hà Nội | ||
| 260 | |b Giáo Dục | ||
| 260 | |c 1998 | ||
| 650 | |a client/server computing,computer programming ( electronic computers ),database administration,sql ( computer program language ) | ||
| 980 | |a Trung tâm Học liệu Trường Đại học Cần Thơ | ||